Use of Post-Office Clerks and City Letter Carriers Interchangeably : hearings before the United States House Committee on Post Office and Post Roads, Seventy-Eighth Congress, first session, on Apr. 14, 1943.

Considers (78) H.R. 2437.

Bibliographic Details
Corporate Authors: United States. Congress. House. Committee on Post Office and Post Roads, ProQuest (Firm)
Format: Government Document eBook
Language:English
Published: Washington : U.S. G.P.O., 1943.
Series:U.S. Congressional Hearings.
Subjects:
Online Access:Connect to the full text of this electronic book

MARC

Tag First Indicator Second Indicator Subfields
LEADER 00000cam a22000001a 4500
001 in00003174331
006 m d f
007 cr bn mmmapmmp
008 090617s1943 dcu o f000 0 eng d
005 20260511211752.3
035 |a cis2007414747 
040 |a UMI  |c UMI  |d UtOrBLW 
043 |a n-us--- 
086 0 |a Y 4.P 84/1:P 84/13 
099 |a HRG-1943-POP-0004 
110 1 |a United States.  |b Congress.  |b House.  |b Committee on Post Office and Post Roads. 
245 1 0 |a Use of Post-Office Clerks and City Letter Carriers Interchangeably :  |b hearings before the United States House Committee on Post Office and Post Roads, Seventy-Eighth Congress, first session, on Apr. 14, 1943. 
264 1 |a Washington :  |b U.S. G.P.O.,  |c 1943. 
300 |a 1 online resource. 
336 |a text  |b txt  |2 rdacontent 
337 |a computer  |b c  |2 rdamedia 
338 |a online resource  |b cr  |2 rdacarrier 
500 |a Record is based on bibliographic data in ProQuest Congressional Hearings Digital Collection. Reuse except for individual research requires license from ProQuest, LLC. 
520 |a Considers (78) H.R. 2437. 
538 |a System requirements: PDF reader software. 
500 |a Electronic resource. 
650 0 |a Postal service  |z United States  |x Employees. 
655 7 |a Electronic books.  |2 local 
710 2 |a ProQuest (Firm) 
776 0 8 |i Print version:  |a United States. Congress. House. Committee on Post Office and Post Roads.  |t Use of Post-Office Clerks and City Letter Carriers Interchangeably 
776 0 8 |i Microfiche version:  |a United States. Congress. House. Committee on Post Office and Post Roads.  |t Use of Post-Office Clerks and City Letter Carriers Interchangeably.  |d [Bethesda, Md.] : ProQuest,[2004]  |o CIS Hrgs MF Gp 3--(78) H985-8  |w (ProQuest)cis10403599 
830 0 |a U.S. Congressional Hearings. 
856 4 0 |u http://proxy.library.tamu.edu/login?url=https://congressional.proquest.com/congcomp/getdoc?HEARING-ID=HRG-1943-POP-0004  |z Connect to the full text of this electronic book  |t 0 
998 |a cis10403599 
999 |a MARS 
999 f f |s 7cf94501-2315-3453-ac97-0f5d79d143b0  |i a68b01a5-e0d7-34d2-963a-69b8c97da159  |t 0 
952 f f |a Texas A&M University  |b College Station  |c Electronic Resources  |s www_evans  |d Available Online  |t 0  |e HRG-1943-POP-0004  |h Other scheme 
998 f f |a HRG-1943-POP-0004  |t 0  |l Available Online